00377nam a22001217a 450000500170000000800410001708200210005824500780007926000600015730000110021765000180022865000090024620240315082622.0240315b |||||||| |||| 00| 0 eng d 222a323.4.bINT. aInternational bill of Human Rights :cAmnesty International Publications. aColombo :bAmnesty International Publications /c1978 . a50 p., aHuman Rights. a Law